MARC details
| 000 -CABECERA |
| campo de control de longitud fija |
01784nam a22002057a 4500 |
| 008 - DATOS DE LONGITUD FIJA--INFORMACIÓN GENERAL |
| campo de control de longitud fija |
251024b |||||||| |||| 00| 0 eng d |
| 020 ## - NÚMERO INTERNACIONAL ESTÁNDAR DEL LIBRO |
| Número Internacional Estándar del Libro |
9798733090122 |
| 040 ## - FUENTE DE LA CATALOGACIÓN |
| Centro/agencia transcriptor |
tbs |
| 041 ## - CÓDIGO DE LENGUA |
| Código de lengua del texto/banda sonora o título independiente |
eng |
| 050 ## - SIGNATURA TOPOGRÁFICA DE LA BIBLIOTECA DEL CONGRESO |
| Número de clasificación |
HF5415.1265 |
| 100 ## - ENTRADA PRINCIPAL--NOMBRE DE PERSONA |
| Nombre de persona |
Capala, Matthew |
| 9 (RLIN) |
26320 |
| Término indicativo de función/relación |
author |
| 245 ## - MENCIÓN DE TÍTULO |
| Título |
The psycology of a website |
| Resto del título |
: mastering cognitive biases, conversion triggers, and modern SEO to achieve massive results |
| Mención de responsabilidad, etc. |
/ Matthew Capala. |
| 260 ## - PUBLICACIÓN, DISTRIBUCIÓN, ETC. |
| Lugar de publicación, distribución, etc. |
[place of publication not identified] : |
| Nombre del editor, distribuidor, etc. |
Zeit Media LLC, |
| Fecha de publicación, distribución, etc. |
2021. |
| 300 ## - DESCRIPCIÓN FÍSICA |
| Extensión |
200 pages : |
| Otras características físicas |
illustrations, charts, tables (color) ; |
| Dimensiones |
23 cm. |
| 520 ## - SUMARIO, ETC. |
| Sumario, etc. |
The Psychology of a Website” delivers a step-by-step blueprint for a complete makeover of your online presence. This book offers timeless techniques for turning underperforming websites into massive success stories for businesses, marketers, and entrepreneurs who need to get results now and don’t have the time to wait months to start selling on Google.Combining dozens of practical examples from some of the world’s most successful brands with the application of the fundamental principles of modern psychology and data science, the six-step WebsitePSY Formula covered in this book will take you on a guided journey to: - Build instant trust and minimize friction- Reduce your bounce rates by learning how to overcome common objections- Encourage small commitments pulling the user towards your offer- Frame your offer using effective design and copywriting for the Web- Reassure with social proof to close more sales- Build conversion funnels to create a repeatable source of new customers“Matthew Capala provides something different and necessary |
| 650 #0 - PUNTO DE ACCESO ADICIONAL DE MATERIA--TÉRMINO DE MATERIA |
| Término de materia o nombre geográfico como elemento de entrada |
Web search engines |
| 9 (RLIN) |
7488 |
| 650 #0 - PUNTO DE ACCESO ADICIONAL DE MATERIA--TÉRMINO DE MATERIA |
| Término de materia o nombre geográfico como elemento de entrada |
Web site development |
| 9 (RLIN) |
7487 |
| 650 #0 - PUNTO DE ACCESO ADICIONAL DE MATERIA--TÉRMINO DE MATERIA |
| Término de materia o nombre geográfico como elemento de entrada |
Internet marketing |
| 9 (RLIN) |
1133 |
| 942 ## - ELEMENTOS DE ENTRADA AGREGADA (KOHA) |
| Fuente del sistema de clasificación o colocación |
Clasificación de Library of Congress |